Análisis de las vibraciones provocadas por la construcción de cimentaciones profundas en los suelos de la GAM, que pueden afectar el confort de las personas en edificaciones aledañas
Αποθηκεύτηκε σε:
| Κύριος συγγραφέας: | |
|---|---|
| Άλλοι συγγραφείς: | |
| Μορφή: | Βιβλίο |
| Γλώσσα: | Spanish |
| Έκδοση: |
San José, Costa Rica
2022
|
| Θέματα: | |
| Ετικέτες: |
Προσθήκη ετικέτας
Δεν υπάρχουν, Καταχωρήστε ετικέτα πρώτοι!
|
MARC
| LEADER | 00000nam a2200000Ia 4500 | ||
|---|---|---|---|
| 003 | 013443 | ||
| 005 | 20230330084503.0 | ||
| 008 | 140116s2022 cr a 000 ||spa d | ||
| 040 | |c cru CEDI | ||
| 100 | |a González Arguedas, José Andrés, 1996- |9 214 | ||
| 245 | |a Análisis de las vibraciones provocadas por la construcción de cimentaciones profundas en los suelos de la GAM, que pueden afectar el confort de las personas en edificaciones aledañas | ||
| 260 | |a San José, Costa Rica |c 2022 | ||
| 500 | |a Trabajo de graduación (licenciatura en ingeniería civil)--Universidad de Costa Rica. Facultad de Ingeniería. Escuela de Ingeniería Civil. Departamento. Geotecnia | ||
| 501 | |a Director de Trabajo Final de Graduación: Ing. Marco Valverde Mora, MSc. | ||
| 650 | |x ANALISIS DE SUELOS - GRAN AREA METROPOLITANA (COSTA RICA) |x ATENUACION (FISICA) |x VIBRACION (INGENIERIA) - MEDICIONES |x ANALISIS ESTRUCTURAL (INGENIERIA) |x VIBRACION EN EDIFICIOS |x VIBRACION (INGENIERIA) - EVALUACION | ||
| 700 | |9 103 |a Valverde Mora, Marco Antonio |d Director del TFG | ||
| 942 | |c CEDI |h TFG 8594 |2 ddc |6 TFG_8594_000000000000000 | ||
| 999 | |c 21945 |d 21945 | ||
